000 01012nam a2200277 a 4500
001 BRL_1311
005 20190320211136.0
008 060114s2010----mx-a######---#000-0#spa-#
020 _a9786074840834
041 _aspa
044 _amx
050 4 _aGN378.P9
_b.P94 2010
245 1 0 _aLos pueblos indígenas de Puebla
_batlas etnográfico
_cElio Masferrer, Jaime Mondragón, Georgina Vences, coordinadores.
260 _aMéxico
_bINAH : Gobierno del Estado de Puebla
_c2010
300 _a470 p.
_bil. (algunas a color), mapas, gráficas
_c32 cm.
440 0 _aDivulgación
_926469
504 _aBibliografía : p. 455-466
650 1 4 _aPueblos indígenas
_xHistoria
_zPuebla
_926470
650 1 4 _aEtnografía
_vAtlas
_zPuebla
_926471
650 1 4 _aGrupos étnicos
_zPuebla
_926472
651 4 _aPuebla
_xVida social y costumbres
_926473
700 1 _aMasferrer Kan, Elio
_ecoord.
_926474
700 1 _aMondragón Melo, Jaime
_ecoord.
_926475
700 1 _aVences Ruiz, Georgina
_ecoord.
_926476
942 _2lcc
_cB
999 _c10123
_d10123